000 00259nam a2200121Ia 4500
100 _a#N/A
942 _cBK
654 _aDiscrete Time Signals
245 _aContinios and Discrete Time Signal and Systems
260 _b#N/A
546 _aENGLISH
999 _c32433
_d32433